Statistics for Baltimore Orioles Baseball Player Nicknames

Click here to take the quiz!

General Stats

  • This quiz has been taken 357 times
    (356 since last reset)
  • The average score is 4 of 9

Answer Stats

NicknamePlayer% Correct
Iron ManCal Ripken, Jr.
99%
Steady EddieEddie Murray
85%
Vacuum CleanerBrooks Robinson
76%
MooseMike Mussina
58%
CakesJim Palmer
50%
Miggy/La Gua GuaMiguel Tejada
40%
NineJeff Conine
7%
Casper the Friendly GhostJerry Adair
2%
GimpyMilt Pappas
2%

Score Distribution

Percentile by Number Answered

Percent of People with Each Score

Your Score History

You have not taken this quiz since the last reset